00922nam a22001697a 4500003000400000005001700004008004100021022002200062040003300084245017800117260011700295650015600412700006500568700002000633700004400653856005500697OSt20250228113822.0250228b2016 dr a|||| ip||o00| 0 spa d 2ONLINE: 2409-1553 aCGID0033bspacCGID0033erda aVol. 3 Núm. 1 (2016): Revie - Revista de Investigación y Evaluación Educativac Instituto Dominicano de Evaluación e Investigación de la Calidad Educativa (IDEICE) aSanto Domingo : b Instituto Dominicano de Evaluación e Investigación de la Calidad Educativa (IDEICE)c2016 a1- Tasa de retorno de la educación - República Dominicana 2- política de educación secundaria 3- deserción escolar - República Dominicana aBoanerges Dominguez Ruíz, Carmen García, Evalina Gómez aOscar Amargós aRenato R. González, Felipe A. Llaugel uhttps://revie.gob.do/index.php/revie/issue/view/13